000 00544nam a22001697a 4500
003 MACL
005 20160129142519.0
008 160129b xxu||||| |||| 00| 0 eng d
040 _cMACL
041 _aHindi
082 _a891.433/BHA
100 _aभगत चेतन
_935321
245 _aरेवोल्‍यूशन 2020 लव. करप्‍शन. एम्बिशन
260 _aनई दिल्‍ली
_bरूपा पब्लिशिंग
_c2013
650 _aउपन्‍यास
_9100
942 _2ddc
_cHIN
999 _c52918
_d52918